000 00666nam a2200253Ia 4500
003 OSt
005 20221005083220.0
006 a|||||r|||| 00| 0
007 ta
008 221004b |||||||| |||| 00| 0 eng d
024 _a68328
037 _cTextual
040 _aCRL
_cCRL
_beng
041 _2eng
_aeng
082 _aX:87, N1
100 _aDavar Rustom S.
245 0 _aExecutive decision making
_b Modern concepts and techniques
260 _aNew Delhi
_bUniversal India
_c1991
300 _a319p.
_ccm.
650 _a ECONOMICS
650 _aMANAGEMENT
942 _hX:87, N1
_cTEXL
_2cc
999 _c990484
_d990484